<?xml version="1.0" encoding="UTF-8"?>
<collection xmlns="http://www.loc.gov/MARC21/slim">
 <record>
  <leader>02486nam a2200313 a 4500</leader>
  <controlfield tag="001">1/44724</controlfield>
  <controlfield tag="008">140627s2003    us            001 0 eng  </controlfield>
  <datafield tag="020" ind1=" " ind2=" ">
   <subfield code="a">9780080502601 (electronic bk.)</subfield>
  </datafield>
  <datafield tag="020" ind1=" " ind2=" ">
   <subfield code="a">0080502601 (electronic bk.)</subfield>
  </datafield>
  <datafield tag="020" ind1=" " ind2=" ">
   <subfield code="a">9781555582609</subfield>
  </datafield>
  <datafield tag="020" ind1=" " ind2=" ">
   <subfield code="a">1555582605</subfield>
  </datafield>
  <datafield tag="035" ind1=" " ind2=" ">
   <subfield code="l">47678</subfield>
  </datafield>
  <datafield tag="040" ind1=" " ind2=" ">
   <subfield code="a">N$T</subfield>
   <subfield code="b">eng</subfield>
   <subfield code="c">N$T</subfield>
   <subfield code="d">YDXCP</subfield>
   <subfield code="d">BTCTA</subfield>
   <subfield code="d">OCLCQ</subfield>
   <subfield code="d">IDEBK</subfield>
   <subfield code="d">OCLCQ</subfield>
   <subfield code="d">MERUC</subfield>
   <subfield code="d">OCLCQ</subfield>
   <subfield code="d">NTG</subfield>
   <subfield code="d">WPG</subfield>
   <subfield code="d">UBY</subfield>
   <subfield code="d">ZCU</subfield>
   <subfield code="d">OCLCE</subfield>
   <subfield code="d">E7B</subfield>
   <subfield code="d">B24X7</subfield>
   <subfield code="d">C6I</subfield>
   <subfield code="d">OPELS</subfield>
   <subfield code="d">OKU</subfield>
   <subfield code="d">OCLCF</subfield>
   <subfield code="d">GR-PeUP</subfield>
  </datafield>
  <datafield tag="100" ind1="1" ind2=" ">
   <subfield code="a">Fortier, Paul J.</subfield>
  </datafield>
  <datafield tag="245" ind1="1" ind2="0">
   <subfield code="a">Computer systems performance evaluation and prediction</subfield>
   <subfield code="h">[electronic resource] /</subfield>
   <subfield code="c">Paul J. Fortier, Howard E. Michel.</subfield>
  </datafield>
  <datafield tag="260" ind1=" " ind2=" ">
   <subfield code="a">Burlington, MA :</subfield>
   <subfield code="b">Digital Press,</subfield>
   <subfield code="c">c2003.</subfield>
  </datafield>
  <datafield tag="300" ind1=" " ind2=" ">
   <subfield code="a">1 online resource (xiii, 525 p.) :</subfield>
   <subfield code="b">ill.</subfield>
  </datafield>
  <datafield tag="504" ind1=" " ind2=" ">
   <subfield code="a">Includes bibliographical references (p. 495-503) and index.</subfield>
  </datafield>
  <datafield tag="505" ind1="0" ind2=" ">
   <subfield code="a">Front Cover; Computer Systems Performance Evaluation and Prediction; Copyright Page; Contents; Preface; Chapter 1. Introduction; Chapter 2. Computer Data Processing Hardware Architecture; Chapter 3. Fundamental Concepts and Performance Measures; Chapter 4. General Measurement Principles; Chapter 5. Probability; Chapter 6. Stochastic Processes; Chapter 7. Queuing Theory; Chapter 8. Simulation Analysis; Chapter 9. Petri Nets; Chapter 10. Hardware Testbeds, Instrumentation, Measurement, Data Extraction, and Analysis; Chapter 11. System Performance Evaluation Tool Selection and Use</subfield>
  </datafield>
  <datafield tag="520" ind1=" " ind2=" ">
   <subfield code="a">Computer Systems Performance Evaluation and Prediction bridges the gap from academic to professional analysis of computer performance. This book makes analytic, simulation and instrumentation based modeling and performance evaluation of computer systems components understandable to a wide audience of computer systems designers, developers, administrators, managers and users. The book assumes familiarity with computer systems architecture, computer systems software, computer networks and mathematics including calculus and linear algebra.</subfield>
  </datafield>
  <datafield tag="650" ind1=" " ind2="4">
   <subfield code="a">Computer systems</subfield>
   <subfield code="x">Reliability.</subfield>
  </datafield>
  <datafield tag="655" ind1=" " ind2="4">
   <subfield code="a">Electronic books.</subfield>
  </datafield>
  <datafield tag="700" ind1="1" ind2=" ">
   <subfield code="a">Michel, Howard Edgar.</subfield>
  </datafield>
  <datafield tag="852" ind1=" " ind2=" ">
   <subfield code="a">INST</subfield>
   <subfield code="b">UNIPILB</subfield>
   <subfield code="c">EBOOKS</subfield>
   <subfield code="e">20140627</subfield>
   <subfield code="p">00b47678</subfield>
   <subfield code="q">00b47678</subfield>
   <subfield code="t">ONLINE</subfield>
   <subfield code="y">0</subfield>
  </datafield>
  <datafield tag="856" ind1="4" ind2="0">
   <subfield code="3">ScienceDirect</subfield>
   <subfield code="u">http://www.sciencedirect.com/science/book/9781555582609</subfield>
  </datafield>
  <datafield tag="856" ind1="4" ind2=" ">
   <subfield code="d">/webopac/covers/03/47678_9780080502601.jpg</subfield>
   <subfield code="z">(electronic bk.)</subfield>
  </datafield>
  <datafield tag="856" ind1="4" ind2=" ">
   <subfield code="d">/webopac/covers/03/47678_0080502601.jpg</subfield>
   <subfield code="z">(electronic bk.)</subfield>
  </datafield>
  <datafield tag="856" ind1="4" ind2=" ">
   <subfield code="d">/webopac/covers/03/47678_9781555582609.jpg</subfield>
  </datafield>
  <datafield tag="856" ind1="4" ind2=" ">
   <subfield code="d">/webopac/covers/03/47678_1555582605.jpg</subfield>
  </datafield>
 </record>
</collection>
